Speciality české, moravské a slovenské kuchyně /

Hlavní autor: Nestával, Antonín, 1922-1985
Další autoři: Havlíková, Jaroslava
Jazyk: Čeština
Vydáno: Praha : Merkur, 1971
Vydání: 4. vyd.
Externí odkaz: Digitalizovaný dokument
Fyzický popis: 54 s.
Knihy
Uloženo v:
LEADER 00909nam a22002412a 4500
001 000942756
003 CZ BrMZK
005 20251203125754.0
007 ta
008 090601s1971 xr er|||||||||||cze d
040 |a BOA001  |b cze 
100 1 |a Nestával, Antonín,  |d 1922-1985  |7 jk01083227  |4 aut 
245 1 0 |a Speciality české, moravské a slovenské kuchyně /  |c Antonín Nestával, Jaroslava Havlíková 
250 |a 4. vyd. 
260 |a Praha :  |b Merkur,  |c 1971 
300 |a 54 s. 
500 |a Dostupné též v digitální podobě v aplikaci Kramerius 
700 1 |a Havlíková, Jaroslava  |7 jk01040395  |4 aut 
856 4 1 |u http://www.digitalniknihovna.cz/mzk/uuid/uuid:0f7515e0-2471-11ee-84ed-005056827e52  |y Digitalizovaný dokument  |x NDK 
910 |a BOA001  |b 1-0643.639-71 
990 |a BK 
991 |b 200905 
996 6 |b 2619491119  |c 1-0643.639-71  |l MZK  |r Sklad / do 1 hodiny  |n 0  |w 000942756  |u 000010  |a 1  |e BOA001  |j MZK50  |s P